K.P. replaces the unscientific method / (Record no. 7683)

MARC details
000 -LEADER
fixed length control field 00578 a2200181 4500
010 ## - LCCN (DPL NO)
LC control number ENG-88148
020 ## - INTERNATIONAL STANDARD BOOK NUMBER
Terms of availability 80.00
035 ## - SYSTEM CONTROL NUMBER
System control number EN-71681
037 ## - SOURCE OF ACQUISITION
Source of stock number/acquisition DBAD / PUB
082 14 - DEWEY DECIMAL CLASSIFICATION NUMBER
Classification number 133.5
100 1# - MAIN ENTRY--PERSONAL NAME
Personal name Hariharan, K.
245 1# - TITLE STATEMENT
Title K.P. replaces the unscientific method /
Statement of responsibility, etc by K. Hariharan [and] K.S. Krishnamurti
260 ## - PUBLICATION, DISTRIBUTION, ETC. (IMPRINT)
Place of publication, distribution, etc Chennai
Name of publisher, distributor, etc Krishnamurti Publications
Date of publication, distribution, etc 2001
270 ## - ADDRESS
Address F-21, First Floor, Spencer Plaza, 769, Anna Salai
City Chennai
Postal code 600 002
300 ## - PHYSICAL DESCRIPTION
Extent 174 p.
Dimensions 21 cm (Pbk)
700 ## - ADDED ENTRY--PERSONAL NAME
Personal name Krishnamurti, K.S.
942 ## - ADDED ENTRY ELEMENTS (KOHA)
Institution code [OBSOLETE] dpl
Item type English Books
Source of classification or shelving scheme Dewey Decimal Classification
Classification part 133.5
Call number suffix HAR
Holdings
Withdrawn status Lost status Not for loan Collection code Home library Current library Source of acquisition Cost, normal purchase price Full call number Barcode Copy number Cost, replacement price Koha item type
    Not For Loan Non-fiction D.B.Act.Division D.B.Act.Division DBAD/PUB 80.00 133.5 HAR EN-71681 1 80.00 English Books

© Delhi Public Library
Hit Counter
free hit counter